| 000 | 00489nam a22001817a 4500 | ||
|---|---|---|---|
| 999 |
_c528999 _d528999 |
||
| 003 | Nust | ||
| 005 | 20190918103920.0 | ||
| 008 | 170216b xxu||||| |||| 00| 0 eng d | ||
| 038 | _aMSOHAIL | ||
| 040 | _cNUST-NIT (SCEE) | ||
| 082 |
_a388.112 _bARC |
||
| 100 |
_aArchondo, S. Callao _920856 |
||
| 245 | _aEstimating Vehicle Operating Costs | ||
| 260 |
_a Washington, D.C : _c1994. _bThe world bank. |
||
| 300 |
_aix, 83 p. : _bill. : _c28 cm. |
||
| 650 |
_aMCE _9379 |
||
| 942 |
_cBK _2ddc |
||